000 00267nam a2200109Ia 4500
008 190902s9999||||xx |||||||||||||| ||und||
100 _aAlbert Paul Malvino
245 0 _aElectrionic Principles
260 _aIndia
_bThe McGraw-Hill
_c1999
300 _a1012
942 _cBK
999 _c2752
_d2752